000 01024nam a2200193Ia 4500
005 20260114155032.0
008 008 250103s9999 xx 000 0 eng d
037 _aTheses
040 _aCRL
_beng
_cCRL
041 _ahin
_2hin
084 _qCRL
100 _aडवींउउंक छंनेींक ।नण्य ब्ीवनइमल ज्ञंउंस छंलंद ळनण्
_9870218
245 0 _aडंचचपदह जीम प्कमं व िछंजपवदंसपेउ पद च्वेज.प्दकमचमदकमदबम प्दकपंरू। ैजनकल व िन्तकन च्नइससपब ैचीमतम
260 _aDelhi
_bदिल्ली विश्वविद्यालय. संगीत एंव ललित कला संकाय. संगीत विभाग
_c2024
300 _a295चण्
650 _aच्वसपजपबंस ैबपमदबम
_9870219
942 _cTH
999 _c1469784
_d1469784